000 00645nam a2200265Ia 4500
005 20260121172612.0
008 008 260114s9999 xx 000 0 eng d
020 _a9783658345266
037 _aEBOOK
040 _aCRL
040 _beng
040 _cCRL
041 _2eng
041 _aeng
084 _qCRL
100 _aEugen Wendler
_91090434
245 0 _aFriedrich List as a Railway Pioneer in the USA
260 _bSpringer
260 _bSpringer
260 _c2021
856 _uhttps://link.springer.com/openurl?genre=book&isbn=978-3-658-34526-6
942 _cEBOOK
999 _c1656174
_d1656174